MARC

Tag First Indicator Second Indicator Subfields
LEADER 00000cam a2200000Ia 4500
001 in00002298607
005 20190326203451.0
006 m | d |
007 cr |n||||||||n
008 910409s1759 po s 000 0 por d
040 |a TXA  |c GKS  |d OCL  |d Thomson Gale  |d UtOrBLW 
043 |a e-po---  |a s-bl--- 
110 2 |a Companhia Geral de Pernambuco e Paraíba. 
245 1 0 |a Instituiçaõ da Companhia geral de Pernambuco, e Paraíba. 
264 1 |a Lisboa :  |b Na officina de Miguel Rodrigues,  |c 1759. 
300 |a 30 pages 
336 |a text  |b txt  |2 rdacontent 
337 |a computer  |b c  |2 rdamedia 
338 |a online resource  |b cr  |2 rdacarrier 
500 |a Signed: Conde de Oeyras, Jozé da Costa Ribeiro, Jozé Rodrigues Bandeira, Ignacio Pedro Quintélla, Jozé Rodrigues Esteves ... [and 8 others] 
500 |a "Os homens de negocio das praças de Lisboa, do Porto, e de Pernambuco, abaixo assignados, em seu nome, e dos mais vassallos de Vossa Majestade ... tem convindo em formar a referida Companhia."--P. [1] 
500 |a Reproduction of original from Kress Library of Business and Economics, Harvard University. 
500 |a Goldsmiths'-Kress number 09482.2. 
510 4 |a OCLC,  |c 23441630 
533 |a Electronic reproduction.  |b Farmington Hills, Mich. :  |c Thomson Gale,  |d 2005.  |f (The making of the modern world).  |n Available via the World Wide Web.  |n Access limited to licensing agreements.  |7 s2005 miunns 
500 |a Electronic resource. 
610 2 0 |a Companhia Geral de Pernambuco e Paraíba  |v Charters. 
651 0 |a Brazil  |x History  |y 1549-1762  |x Economic aspects. 
651 0 |a Pernambuco (Brazil)  |x Commerce  |z Portugal. 
651 0 |a Paraíba (Brazil : State)  |x Commerce  |z Portugal. 
651 0 |a Portugal  |x Commerce  |z Brazil  |z Pernambuco. 
651 0 |a Portugal  |x Commerce  |z Brazil  |z Paraíba (State) 
655 0 |a Electronic books. 
710 1 |a Portugal.  |b Sovereign (1750-1777 : Joseph) 
830 0 |a Making of the modern world (Goldsmiths'-Kress Library of Economic Literature) 
856 4 0 |u http://proxy.library.tamu.edu/login?url=http://galenet.galegroup.com/servlet/MOME?af=RN&ae=U101111693&srchtp=a&ste=14&locID=txshracd2898  |z Connect to the full text of this electronic book  |t 0 
999 |a MARS 
999 f f |s b22272f9-72ba-3ba5-9216-f3c8b00003b7  |i e8f2ead4-9e94-368b-89c8-3e0eb9fe1aa9  |t 0 
952 f f |a Texas A&M University  |b College Station  |c Electronic Resources  |d Available Online  |t 0  |h No information provided 
998 f f |t 0  |l Available Online